[Event "CZE-ch U12"]
[Site "Harrachov"]
[Date "2024.10.29"]
[Round "5"]
[White "Pokorny, Marian"]
[Black "Soukup, Erik"]
[Result "0-1"]
[WhiteElo "1655"]
[BlackElo "1472"]
[PlyCount "110"]
[EventDate "2024.10.26"]
[EventType "swiss"]
[EventRounds "9"]
[EventCountry "CZE"]
[SourceTitle "CB45_2024"]
[Source "ChessBase"]
[SourceDate "2024.11.06"]
[SourceVersion "1"]
[SourceVersionDate "2024.11.06"]
[SourceQuality "1"]

1. e4 e6 2. d4 d5 3. e5 c5 4. c3 Nc6 5. Nf3 Qb6 6. a3 cxd4 7. Nxd4 Nxe5 8. Bf4 Ng6 9. Bb5+ Bd7 10. Bxd7+ Kxd7 11. Qa4+ Kd8 12. Bc1 Bc5 13. 0-0 Bxd4 14. Qxd4 Qxd4 15. cxd4 Nf6 16. Nc3 a6 17. Bg5 Ke7 18. f4 h6 19. Bxf6+ Kxf6 20. f5 Ne7 21. Rae1 exf5 22. Re5 Rad8 23. g4 g6 24. h3 Rd7 25. Kg2 Rhd8 26. Re2 Nc6 27. Rf4 Kg5 28. Kg3 Re7 29. Ref2 Re3+ 30. R2f3 Rxf3+ 31. Kxf3 fxg4+ 32. Rxg4+ Kf6 33. Rf4+ Kg7 34. Na4 g5 35. Rg4 f5 36. Rg2 Nxd4+ 37. Ke3 Nb3 38. h4 b5 39. Nb6 Kf6 40. hxg5+ hxg5 41. Kd3 g4 42. Rg3 Kg5 43. Ke2 f4 44. Rxb3 f3+ 45. Kf2 d4 46. Rd3 Kf4 47. a4 Ke4 48. Rd1 d3 49. axb5 axb5 50. Re1+ Kf4 51. Rd1 g3+ 52. Ke1 d2+ 53. Rxd2 Rxd2 54. Kxd2 g2 55. Nd5+ Kg3 0-1